01809cam a2200385 a 4500001001400000003000800014005001700022006001900039007001500058008004100073020003800114040003000152049002600182050002200208082001600230245009700246260005300343300003700396490003800433505021900471520028000690521001700970588004700987504004101034650002201075650002901097655002901126700003801155710001601193776003501209830003901244856010501283942001601388999001901404EDZ0000117390StDuBDS20161031105202.0m||||||||d||||||||cr |||||||||||130111s2011 caua fo| 000|0|eng|d a9781446263457 (ebook) :cNo price aStDuBDSbengcStDuBDSepn aAlfaisal Main Library 0aHM881b.S623 201104a303.48422300aSocial and political movementsh[electronic resource] /cedited by Cyrus Ernesto Zirakzadeh. aLos Angeles, [Calif.] ;aLondon :bSAGE,cc2011. a1 online resource (4 v.) :bill.1 aSAGE library of political science0 av. 1. Theorizing about movements after World War I -- v. 2. Emergence and evolution of political-process theory -- v. 3. Recent cultural approaches -- v. 4. Components, local conditions, and international contexts.8 aThis collection contains more than 55 writings by academics and public intellectuals. The essays are drawn from different decades of the 20th and 21st centuries, and from across the globe, presenting different and sometimes divergent lines of thinking about social movements. aSpecialized. aDescription based on print version record. aIncludes bibliographical references. 0aSocial movements. 0aPolitical participation. 7aElectronic books.2local1 aZirakzadeh, Cyrus Ernesto,d1951-2 aSage eBooks08iPrint version :z9780857020918 0aSAGE library of political science.40uhttp://ezproxy.alfaisal.edu/login?url=http://sk.sagepub.com/navigator/social-and-political-movements 2lcccEBOOKS c481222d481222